Muestrario de tipos
Descripción Física:
10 p. ; 15 cm
Materias:
Tipus d'impremta
MARC
| LEADER | 00000nam a2200000Ia 4500 | ||
|---|---|---|---|
| 001 | 17569 | ||
| 008 | 160829s9999 xx 000 0 cat d | ||
| 080 | |a FU-2-37 | ||
| 245 | |a Muestrario de tipos | ||
| 260 | |a Barcelona : |b Grandin, [194?] | ||
| 300 | |a 10 p. ; |c 15 cm | ||
| 590 | |a Prové de OPP-2284 | ||
| 650 | 0 | |a Tipus d'impremta |9 30279 | |
| 901 | |a Arxiu | ||
| 942 | |n 1 | ||
| 952 | |0 0 |1 0 |4 0 |6 FU237 |7 1 |9 51480 |a Arxiu |b Arxiu |d 2016-12-01 |l 0 |o FU-2-37 |p 17569 |r 2016-12-01 00:00:00 |w 2016-12-01 |y ARXIU | ||
| 999 | |c 55324 |d 55324 | ||